header

Developing language and literacy 3-8 (Record no. 53514)

MARC details
000 -LEADER
fixed length control field 01315nam a2200349 a 4500
082 04 - DEWEY DECIMAL CLASSIFICATION NUMBER
Classification number 372.6/0941
100 1# - MAIN ENTRY--AUTHOR NAME
Personal name Browne, Ann.
245 10 - TITLE STATEMENT
Title Developing language and literacy 3-8
250 ## - EDITION STATEMENT
Edition statement 2nd ed.
260 ## - PUBLICATION, DISTRIBUTION, ETC. (IMPRINT)
Place of publication London :
Name of publisher P. Chapman Pub.,
Year of publication 2001.
300 ## - PHYSICAL DESCRIPTION
Number of Pages viii, 280 p. :
Other physical details ill.
650 #0 - SUBJECT ADDED ENTRY--TOPICAL TERM
Topical Term Language arts (Elementary)
Topical Term Language awareness in children
Topical Term Reading (Elementary)
856 40 - ELECTRONIC LOCATION AND ACCESS
Uniform Resource Identifier http://site.ebrary.com/lib/rucke/Doc?id=10076732

No items available.

© 2026 Rongo University
Contact us: librarian | system librarian | Rongo university